Požiarna bezpečnosť. STN 92 0102. EN ISO 13943 : Slovník. Október 2003

Salvato in:
Dettagli Bibliografici
Natura: Libro
Lingua:multilingua
Pubblicazione: Bratislava : Slovenský ústav technickej normalizácie, 2003
Soggetti:
Tags: Aggiungi Tag
Nessun Tag, puoi essere il primo ad aggiungerne!!

MARC

LEADER 00000nam a22000003a 4500
001 stu93050
005 20150408161026.9
008 050302s2003----xo------------------mul-d
040 |a STU  |b slo 
041 0 |a mul 
044 |a xo 
080 |a 614.84 
245 |a Požiarna bezpečnosť. STN 92 0102. EN ISO 13943 :  |b Slovník. Október 2003 
260 |a Bratislava :  |b Slovenský ústav technickej normalizácie,  |c 2003 
300 |a 60 s 
650 7 |a požiarna bezpečnosť  |2 stusub 
996 |b 284M038099  |c M*N-1094-1  |l MMKN  |s A  |a 24  |w stu93050_0001